000 00661nam a2200229Ia 4500
005 20250508163840.0
008 008 250505s9999 xx 000 0 eng d
020 _a0-582-30779-1
037 _aReference
040 _aFEDL
_beng
_cFEDL
041 _aeng
_2eng
084 _a372.6, SEA
_qFEDL
100 _aSealey Alison
_918850
245 0 _aChildly language: Children, language and social world
260 _aEssex, UK
_bLongman
_c2000
300 _avii,229p
365 _aUSD
_b90.99
490 _aReal language series
650 _aChildren - Language; Socialisation
_9776540
942 _cREF
_h372.6, SEA
999 _c1385594
_d1385594